The passion for souls. (Record no. 10701)

000 -LEADER
fixed length control field 00682nam a2200205 a 4500
001 - CONTROL NUMBER
control field :::00008492$&:&@@
003 - CONTROL NUMBER IDENTIFIER
control field OkBaRHE
005 - DATE AND TIME OF LATEST TRANSACTION
control field 20000607103344.0
008 - FIXED-LENGTH DATA ELEMENTS--GENERAL INFORMATION
fixed length control field s1977 j 000 0 eng u
040 ## - CATALOGING SOURCE
Transcribing agency
100 1# - MAIN ENTRY--PERSONAL NAME
Personal name Smith, Oswald Jeffrey, 1889-
245 14 - TITLE STATEMENT
Title The passion for souls.
260 ## - PUBLICATION, DISTRIBUTION, ETC. (IMPRINT)
Place of publication, distribution, etc London, UK:EN., :
Name of publisher, distributor, etc Marshall, Morgan and Scott
Date of publication, distribution, etc 1977
300 ## - PHYSICAL DESCRIPTION
Extent 192 p. ;
Dimensions 18 cm.
650 ## - SUBJECT ADDED ENTRY--TOPICAL TERM
Topical term or geographic name as entry element Evangelism
650 ## - SUBJECT ADDED ENTRY--TOPICAL TERM
Topical term or geographic name as entry element Evangelistic Work
942 ## - ADDED ENTRY ELEMENTS (KOHA)
Source of classification or shelving scheme
Koha item type Books
Copies
Damaged status Barcode Permanent Location Date acquired Price effective from Full call number Date last seen Not for loan Source of classification or shelving scheme Withdrawn status Shelving location Koha item type Lost status Copy number
 8492RHEMA Bible Training College2010-04-142010-04-14BV 3790 .S632010-04-14   General StacksBooks 1
 20703RHEMA Bible Training College2010-04-142010-04-14BV 3790 .S632010-04-14   General StacksBooks 2